| 000 | 00558ngm a2200205 i 4500 | ||
|---|---|---|---|
| 001 | C2-0314476 | ||
| 003 | PPAK | ||
| 005 | 20180727221211.0 | ||
| 008 | 120111s2006 -hk|||| ||||| | vlchi d | ||
| 040 |
_aPPAK _beng _cPPAK _erda |
||
| 245 | 1 | 0 | _aDragon tiger gate |
| 264 | 1 |
_aHong Kong : _bMandarin Films Distribution Co. Ltd. , _c2006 |
|
| 336 |
_2rdacontent _atext |
||
| 337 |
_2rdamedia _aunmediated |
||
| 338 |
_2rdacarrier _avolume |
||
| 700 | _eauthor | ||
| 700 | 1 |
_aYip, Wilson, _ecompile |
|
| 700 | 0 |
_aCheung Ka-fai, _eeditor |
|
| 942 |
_2ddc _cDVD |
||
| 999 |
_c166939 _d166939 |
||